000 00815nam a2200181Ia 4500
008 100921s9999 xx 000 0 und d
082 _b31466
_a550 थ 99
100 _aप्रभू सुधाकर,प्रभु वर्षा.
245 _aपर्यावरण-शालेय उपक्रम.
260 _bगोकुळ प्रकाशन, पुणे.
_c1999
300 _a64
_bमयुरेष बुक एजन्सी,कराड
365 _b35
520 _aविज्ञान-भौमिक शास्त्रे.
630 _aपर्यावरण-शालेय उपक्रम.
650 _aविज्ञान-भौमिक शास्त्रे.
730 _aपर्यावरण-शालेय उपक्रम.
942 _cBOOK
999 _c780579
_d780576